logo

Bir Sreshtho Munshi Abdur Rouf Library
Jhenaidah Cadet College

নাটক সমগ্র / (Record no. 12896)

MARC details
000 -LEADER
fixed length control field 00668nam a2200229 a 4500
001 - CONTROL NUMBER
JCCL Control Number 12896
003 - CONTROL NUMBER IDENTIFIER
JCCL marc code BD-JhCC
005 - DATE AND TIME OF LATEST TRANSACTION
control field 20230601105941.0
008 - FIXED-LENGTH DATA ELEMENTS--GENERAL INFORMATION
fixed length control field 171109s2013 bg |||| ||a| 000 0 ben d
020 ## - INTERNATIONAL STANDARD BOOK NUMBER
International Standard Book Number 9789848841006
035 ## - SYSTEM CONTROL NUMBER
system control number (BD-JhCC)12896
040 ## - CATALOGING SOURCE
Original cataloging agency BD-JhCC
Modifying agency BD-JhCC
041 ## - LANGUAGE CODE
Language code of Book ben
082 ## - DEWEY DECIMAL CLASSIFICATION NUMBER
Classification number 891.442
Author mark and Year ROS 2013
100 ## - MAIN ENTRY--PERSONAL NAME
Personal name রশীদ, মামুনুর
245 ## - TITLE STATEMENT
Title নাটক সমগ্র /
Statement of responsibility, etc মামুনুর রশীদ
260 ## - PUBLICATION, DISTRIBUTION, ETC. (IMPRINT)
Place of publication, distribution, etc ঢাকা :
Name of publisher, distributor, etc নালন্দা,
Date of publication, distribution, etc ২০১৩
300 ## - PHYSICAL DESCRIPTION
Pagination খন্ড ১-৩ :
Dimensions ২১ সেমি.
650 ## - SUBJECT ADDED ENTRY--TOPICAL TERM
Topical term or geographic name as entry element Bengali Drama
942 ## - ADDED ENTRY ELEMENTS (KOHA)
Source of classification or shelving scheme Dewey Decimal Classification
Koha item type Books
Koha issues (borrowed), all copies 1
Holdings
Source of classification or shelving scheme volume number Damaged status Not for loan Home library Current library Shelving location Date of accession Cost, normal purchase price Total Checkouts Full call number Barcode Date last seen Date checked out Copy number Method of acquisition Koha item type Currency
Dewey Decimal Classification V-1     JCC Rouf Library JCC Rouf Library General Stacks 06/01/2023 338.00 4 891.442 ROS 2013 18019 12/13/2025 06/30/2025 C-1 Purchase Books BDT
Dewey Decimal Classification V-2     JCC Rouf Library JCC Rouf Library General Stacks 06/01/2023 375.00   891.442 ROS 2013 18012 06/01/2023   C-1 Purchase Books BDT
Dewey Decimal Classification V-3     JCC Rouf Library JCC Rouf Library General Stacks 06/01/2023 375.00 2 891.442 ROS 2013 18020 11/18/2025 11/03/2025 C-1 Purchase Books BDT

JCC Library | Contacts | JCC Home

Last Update on 23 September 2017
Copyright @ 2017-2020 JCC Rouf Library
Rouf Library, Jhenidah Cadet College (JCC), Bangladesh